| 000 | 01186cam a22002891i 4500 | ||
|---|---|---|---|
| 003 | SA-RiAUC | ||
| 005 | 20250519084839.0 | ||
| 008 | 250312s1980 su g 0000e ara c | ||
| 040 |
_aSA-RiAUC _bara _cSA-RiAUC _erda |
||
| 082 | 0 | 4 |
_a814.9531 _qSA-RiAUC |
| 090 |
_a814.9531 _bش ح ا |
||
| 100 | 1 |
_aشحاتة، حمزة محمد نور، _d1328-1393 هجري _eمؤلف. |
|
| 245 | 1 | 0 |
_aرفات عقل / _cحمزة شحاتة ؛ جمع وتنسيق عبد الحميد مشخص. |
| 250 | _aالطبعة الأولى. | ||
| 264 | 1 |
_aجدة، السعودية : _bتهامة، _c1980 |
|
| 300 |
_a104 صفحة ؛ _c24 سم. |
||
| 336 |
_aنص _btxt _2rdacontent _3كتاب |
||
| 337 |
_aبدون وسيط _bn _2rdamedia |
||
| 338 |
_aمجلد _bnc _2rdacarrier |
||
| 490 | 1 |
_aالكتاب العربي السعودي ؛ _v13 |
|
| 590 | _aهادي. | ||
| 650 | 7 |
_aالأدب العربي _zالسعودية _yقرن 14 هجري _vمقالات ومحاضرات _2aucsh |
|
| 700 | 1 |
_aمشخص، عبد الحميد غازي، _d1334 هجري- _eجامع. |
|
| 830 | 2 |
_aالكتاب العربي السعودي _v13 |
|
| 942 |
_2ddc _cBOOK _n0 |
||
| 949 |
_aSA-JeALM _d250312 _umohamedma123 _n1 |
||
| 999 |
_c6444 _d6444 |
||